000 00767nam a2200229Ii 4500
003 JO-AjNU
008 230605s9999||||xx |||||||||||||| ||und||
017 _a2004/12/288
020 _a9957-452-13-4
040 _aJO-AjNU
_bara
_erda
_cJO-AjNU
041 _aara
050 1 4 _aLB1139.R4.A2882 2006
100 3 _aأبو مغلي،سميح مؤلف/سلامة:عبد الحافظ م.مشارك,
_eauthor
_916956
245 0 0 _aتعليم الأطفال القراءة والكتابة
250 _aط1
264 3 1 _aعمان:دار البدية،2005
300 _a211ص
336 _atext
_btxt
_2rdacontent
337 _aunmediated
_bn
_2rdamedia
338 _avolume
_bnc
_2rdacarrier
650 4 _aالقراءة-الكتابة-تعليم الأطفال
_916957
999 _aA5138
_c8706
_d8706